000 00802nam a2200253Ia 4500
003 OSt
005 20220918170208.0
006 a|||||r|||| 00| 0
007 ta
008 220917b |||||||| |||| 00| 0 eng d
020 _a978 0199652365 (hbk)
_c1100
024 _a286,278
037 _bIN675, 27/03/2015, Bharatiya Sahitya Bhavana
_cTextual
040 _aARTS
_cARTS
_beng
041 _2eng
_aeng
082 _aR39(S:4), Q2
100 _aGaneri Jonardon
245 0 _aSelf
_b Naturalism, consciousness, and the first person stance
260 _aOxford
_bOxford University Press UK
_c2012
300 _axii, 374p.
_ccm.
650 _aPHILOSOPHY
942 _hR39(S:4), Q2
_cTEXL
_2CC
999 _c133015
_d133015